000 00410nam a22001697a 4500
003 MPLRDC
005 20220104174459.0
008 210129b ||||| |||| 00| 0 eng d
020 _a0-7105-0270-2
082 _a859.6 PH v.1
100 _a
245 _aFESTIVAL FAIRY TALES
_c
260 _a
_bPETER HADDOCK LIMITED ENGLAND
_c
300 _b
650 _aCHILDREN LITERATURE
942 _cBK
_o859.6 PH v.1
999 _c59885
_d59875